000 00438nam a2200157Ia 4500
005 20250411051704.0
008 240331s9999 xx 000 0 und d
020 _a9559161024
082 _bRAK
_a891
245 0 _aRakshayage birinda
260 _aNugegoda
_bSri Lanka Environmental Journalists Forum
_c1994
300 _a96 p .,
500 _aCollection Of Short Stories on Population
700 _aJanamadya Parshadaya
_eedt
942 _cL
999 _c4949
_d4949